General Knowledge Quiz #77 - Statistics

General Stats
  • This quiz has been taken 142,124 times
    105,025 since last reset
  • The average score is 14 of 20
Answer Stats
Question Answer % Correct
Who is agent 007? James Bond
98%
What animal might you count if you can't sleep? Sheep
94%
What word refers to the neck hair of a lion or horse? Mane
86%
On what holiday is the Chicago River dyed green? St. Patrick's Day
82%
What does the F stand for in TGIF? Friday
81%
Who is credited as being the author of the "Iliad" and the "Odyssey"? Homer
79%
In what Olympic sport do players slide stones across a sheet of ice? Curling
78%
In what city would you find the neighborhood of Gangnam, made famous by the song "Gangnam Style"? Seoul
77%
What do you call a piece of land that is surrounded on three sides by water? Peninsula
71%
Who is Winnie the Pooh's human friend? Christopher Robin
69%
Who was crowned as the British monarch in 1838? Queen Victoria
68%
Who suggested a spoonful of sugar to help the medicine go down? Mary Poppins
65%
What are members of the church of Latter-Day Saints commonly known as? Mormons
65%
What sea does the River Thames empty into? The North Sea
63%
What toxin was banned from household paints in the US in 1978? Lead
62%
What country celebrates the holiday Tết? Vietnam
55%
What popular Spanish soup is made with tomatoes and served cold? Gazpacho
53%
Who invented bifocals and the lightning rod? Ben Franklin
50%
What four-sided spinning top is marked with Hebrew letters on each side? Dreidel
49%
For what rock band did Phil Collins sing and play drums? Genesis
44%
No matching quizzes found
Score Distribution
Percent of People with Each Score
Percentile by Number Answered
Your Score History
You have not taken this quiz since the last reset